[Event "Katowice POL-HUN 10th"]
[Site "Katowice"]
[Date "2023.09.10"]
[Round "8"]
[White "Bartel, Michal"]
[Black "Niesporek, Franciszek"]
[Result "1-0"]
[WhiteElo "2252"]
[BlackElo "1592"]
[PlyCount "103"]
[EventDate "2023.09.09"]
[EventType "swiss (rapid)"]
[EventRounds "9"]
[EventCountry "POL"]
[SourceTitle "EXT 2024"]
[Source "ChessBase"]
[SourceDate "2023.10.10"]
[SourceVersion "1"]
[SourceVersionDate "2023.10.10"]
[SourceQuality "1"]

1. e4 c5 2. Ne2 d6 3. g3 Nf6 4. Bg2 g6 5. c3 Bg7 6. d4 0-0 7. 0-0 e5 8. h3 Nc6 9. Be3 cxd4 10. cxd4 exd4 11. Nxd4 d5 12. exd5 Nxd5 13. Nxc6 bxc6 14. Bd4 Be6 15. Bxg7 Kxg7 16. Nd2 Rb8 17. b3 Qd7 18. Kh2 Rfd8 19. Ne4 Qe7 20. Qd4+ Kg8 21. Rac1 Rb4 22. Qb2 Rb6 23. Rfe1 Qf8 24. Rcd1 Rbb8 25. Qd4 Qg7 26. Qxa7 Ra8 27. Qc5 Rxa2 28. Qxc6 Raa8 29. Rxd5 Bxd5 30. Nf6+ Kh8 31. Nxd5 Rac8 32. Qa4 Rc2 33. Re8+ Rxe8 34. Qxe8+ Qg8 35. Qe3 Qg7 36. Be4 Ra2 37. Kg2 Qb2 38. Qc3+ Qxc3 39. Nxc3 Rb2 40. Bd5 Kg7 41. Bc4 Kf6 42. Kf3 Ke7 43. Nd5+ Kd6 44. Nf6 Ke7 45. Nd5+ Kd6 46. h4 h6 47. Nf6 Ke7 48. Ng4 h5 49. Ne5 Rc2 50. Nxf7 Rxc4 51. bxc4 Kxf7 52. Ke4 1-0

[Event "POL-chT U18 1st"]
[Site "Poland"]
[Date "2022.06.28"]
[Round "4.4"]
[White "Niesporek, Franciszek"]
[Black "Brzezina, Piotr"]
[Result "1/2-1/2"]
[WhiteElo "1332"]
[BlackElo "1671"]
[PlyCount "89"]
[EventDate "2022.06.25"]
[EventType "team-swiss"]
[EventRounds "9"]
[EventCountry "POL"]
[SourceTitle "EXT 2023"]
[Source "ChessBase"]
[SourceDate "2022.10.05"]
[SourceVersion "1"]
[SourceVersionDate "2022.10.05"]
[SourceQuality "1"]
[WhiteTeam "Ognisko Rydultowy"]
[BlackTeam "Katowice Hetman Szopienice"]
[WhiteTeamCountry "POL"]
[BlackTeamCountry "POL"]

1. e4 e5 2. Nf3 Nc6 3. Bc4 Bc5 4. 0-0 Nf6 5. d3 h6 6. c3 d6 7. Nbd2 a5 8. a4 0-0 9. h3 Ba7 10. Re1 Ne7 11. Nf1 Ng6 12. Ng3 c6 13. Ba2 Re8 14. d4 Qc7 15. Qc2 Bd7 16. Be3 c5 17. dxe5 dxe5 18. Bc4 Be6 19. Bxe6 fxe6 20. c4 Ne7 21. Qc3 Nc6 22. Rad1 Rad8 23. b3 Nd7 24. Nh2 Nf6 25. Ng4 Nxg4 26. hxg4 Rxd1 27. Rxd1 Rd8 28. Qc2 b6 29. Rd3 Bb8 30. Qd2 Rxd3 31. Qxd3 Qe7 32. Qd1 Nd4 33. Ne2 Bc7 34. g3 Nxe2+ 35. Qxe2 g5 36. Qd1 Kf8 37. Kg2 Qd6 38. Qxd6+ Bxd6 39. Bd2 Kf7 40. Bc3 Bc7 41. Kf3 Kf6 42. Ke3 Kg6 43. Kf3 Kf6 44. Ke3 Kg6 45. Kf3 1/2-1/2

[Event "POL-chT U18 1st"]
[Site "Poland"]
[Date "2022.06.27"]
[Round "3.4"]
[White "Nocek, Dominik"]
[Black "Niesporek, Franciszek"]
[Result "1/2-1/2"]
[WhiteElo "1675"]
[BlackElo "1332"]
[PlyCount "134"]
[EventDate "2022.06.25"]
[EventType "team-swiss"]
[EventRounds "9"]
[EventCountry "POL"]
[SourceTitle "EXT 2023"]
[Source "ChessBase"]
[SourceDate "2022.10.05"]
[SourceVersion "1"]
[SourceVersionDate "2022.10.05"]
[SourceQuality "1"]
[WhiteTeam "Warszawa Polonia"]
[BlackTeam "Ognisko Rydultowy"]
[WhiteTeamCountry "POL"]
[BlackTeamCountry "POL"]

1. e4 c5 2. Nf3 d6 3. d4 cxd4 4. Nxd4 Nf6 5. Nc3 g6 6. g3 Nc6 7. Bg2 Bd7 8. 0-0 Bg7 9. h3 0-0 10. Be3 a6 11. Nd5 Nxd5 12. exd5 Nxd4 13. Bxd4 Qc7 14. Bxg7 Kxg7 15. Qd4+ Kg8 16. c3 b5 17. Rfe1 Rfe8 18. Qh4 Qd8 19. Qh6 f5 20. h4 Rf8 21. Re3 Rf7 22. Rae1 Qf8 23. Qg5 Re8 24. h5 Qg7 25. f4 Qf6 26. Qxf6 Rxf6 27. hxg6 hxg6 28. Rxe7 Rxe7 29. Rxe7 Rf7 30. Rxf7 Kxf7 31. Kf2 Ke7 32. Ke3 Kd8 33. Kd4 Kc7 34. c4 bxc4 35. Kxc4 Kb6 36. b4 a5 37. Bf3 Bb5+ 38. Kb3 Bd7 39. Kc3 Bc8 40. Bd1 Bd7 41. Kb3 Bc8 42. Ka4 Bd7+ 43. Ka3 Bb5 44. Ba4 Bc4 45. bxa5+ Kxa5 46. Bc6 Kb6 47. Kb2 Kc5 48. a3 Kd4 49. a4 Be2 50. Be8 Kxd5 51. Bxg6 Ke4 52. Kc3 Ba6 53. g4 Kxf4 54. gxf5 Ke5 55. a5 d5 56. Kd2 d4 57. Kc2 Bc4 58. Kd2 Ba6 59. Bh7 Bc4 60. f6 Kxf6 61. Bd3 Bd5 62. a6 Ke7 63. Bf5 Kd8 64. Kd3 Kc7 65. Kxd4 Kb6 66. Bd3 Be6 67. Bb5 Bc8 1/2-1/2